Statistics for Countries of Oceania - No Hints

Click here to take the quiz!

General Stats

  • This quiz has been taken 83 times
  • The average score is 13 of 14

Answer Stats

Country% Correct
Australia
100%
New Zealand
99%
Fiji
97%
Federated States of Micronesia
96%
Marshall Islands
96%
Solomon Islands
96%
Tuvalu
96%
Vanuatu
96%
Palau
94%
Papua New Guinea
94%
Tonga
94%
Kiribati
92%
Nauru
90%
Samoa
90%

Score Distribution

Percentile by Number Answered

Percent of People with Each Score

Your Score History

You have not taken this quiz